00831nam a22001937a 450000500170000000800410001702000180005804000100007608200250008610000250011124500900013625000130022626000540023930000300029350000290032365002410035270000240059370000200061720260209155256.0260209b |||||||| |||| 00| 0 eng d a9789353507664 cVITAP 223rd Ed.a658.84 CZI aCzinkota, Michael R. aInternational Marketingc/ Michael R. Czinkota, Ilkka A. Ronkainen and Annie Peng Cui a11th Ed. aNew DelhibCengage Learning India Pvt. Ltd.c2024 axxix, 604p. : ill. ; 27cm aIt includes Index Pages. 0aInternational marketing; Marketing - International aspects; Marketing research - International aspects; Exports and imports (especially relating to marketing); Global marketing strategies; Consumer behaviour - International markets aRonkainen, Ilkka A. aCui, Annie Peng